Normal view
MARC view
- Nonlinear operators
Entry Topical Term
001 - CONTROL NUMBER
- control field: 82507
003 - CONTROL NUMBER IDENTIFIER
- control field: NUST
005 - DATE AND TIME OF LATEST TRANSACTION
- control field: 20210916155921.0
008 - FIXED-LENGTH DATA ELEMENTS
- fixed length control field: 210916|| aca||aabn | a|a d
040 ## - CATALOGING SOURCE
- Original cataloging agency: NUST
- Transcribing agency: NUST
150 ## - HEADING--TOPICAL TERM
- Topical term or geographic name entry element: Nonlinear operators
670 ## - SOURCE DATA FOUND
- Source citation: Work cat.: (NUST)32901: Isac, George. 82506, Leray-Schauder type alternatives, complementarity problems and variational inequalities /, 2006.
